| 000 | 00604nam a2200241Ia 4500 | ||
|---|---|---|---|
| 008 | 180523s9999 xx 000 0 und d | ||
| 020 | _a981-240-591-7 | ||
| 050 | _aMAIN HB 171.5 | ||
| 050 | _b.B38 2000 | ||
| 100 | _aBaumol, William J. | ||
| 245 | 0 | _aEconomics : | |
| 245 | 0 | _bprinciples and policy / | |
| 245 | 0 | _cWilliam J. Baumol, Alan S. Blinder. | |
| 250 | _a8th Edition | ||
| 260 | _aSingapore : | ||
| 260 | _bThomson Learning, | ||
| 260 | _c2002 | ||
| 300 | _a816 pages : | ||
| 300 | _billustrations ; | ||
| 300 | _c25 cm. | ||
| 500 | _aIncludes index. | ||
| 650 | _aEconomics. | ||
| 999 |
_c356752 _d356752 |
||